Регионална библиотека "Любен Каравелов" - Русе

Увод в теорията на аналитичните функции (Запис номер 59368)

MARC детайли
000 -Лидер
Контролно поле с фиксирана дължина nam a22 a 4500
003 - Код на организацията, давaща контролен номер
Контролно поле BLK
005 - Дата и час на последна редакция
Контролно поле 20220722143023.0
008 - Елементи от данни с фиксирана дължина
fixed length control field 180408b bul|||||r ||||||| ||bul||
010 ## - Наследен системен номер
LC control number KNG00063460000
040 ## - Източник на каталожния запис
Идентификатор на билиотеката - собственик на записа BLK
041 ## - Код за език
Код за езика на текст/звукозапис или на отделно заглавие Български
Код за езика КДБФ Български
080 ## - УДК
Текстов определител УДК Теория на функциите - Реални функции, редове и редици, хармонични функции и др.
УДК код - определител по УДК 517.5
УДК - код + определител 517.5
100 1# - Редна дума - Автор
Автор Чакалов, Любомир
Авторска отговорност първи автор
R(LIN) 288957
139 ## - Редно поле
Редна дума Чакалов, Любомир
Авторски знак Чак - Ч 17
245 10 - Сведения за заглавието
Заглавие Увод в теорията на аналитичните функции
Редно поле (дума) Любомир Чакалов.
250 ## - Област на изданието
Сведения за изданието 4. изд.
257 ## - Страна на издаване
Страна на създаване/издаване България
260 ## - Област на издателските данни
Място на издаване, разпространение и проч. София
Име на издателя, разпространителя и проч. Наука и изкуство
Година на издаване 1972
Печатница Ямбол : печ. Г. Димитров
300 ## - Физическа характеристика
Страници 424 с.
Илюстрации и др. с черт., 1л. : портр
Размери/Мащаб 22 см
380 ## - Жанр
Жанр Естествени науки. Математика
500 ## - Общи забележки
Забележка Съдържа и биогр. бележки за авт. от Любомир Илиев. -
504 ## - Забележка за наличие на библиография и др
Забележка за наличие на библиография и под. Библиогр. с. 418
650 #4 - Допълнително описание по предмет – тема
Основно описание – тема или топоним Функции (мат.) - теория
9 (RLIN) 275824
653 ## - Ключова дума – ненормативна
Ключова дума функции
852 ## - Местоположение
Форматна сигнатура Цб 64411
Фондова буква Хранилище
999 ## - СИСТЕМНИ КОНТРОЛНИ НОМЕРА
Koha biblionumber 59368
Koha biblioitemnumber 59368
942 ## - АРТИКУЛИ
Вид на библиотечния материал Книги
Скрит в OPAC Не
Периодичен библиозапис Да
944 ## - СЪЗДАВАНЕ И РЕДАКЦИЯ на ЗАПИСА
Създаване/Редакция Създаване
Дата на регистрацията/редакция 13.06.2004
Служител, извършил регистрацията/редакцията Цветанка_Енчева
944 ## - СЪЗДАВАНЕ И РЕДАКЦИЯ на ЗАПИСА
Създаване/Редакция Редакция
Дата на регистрацията/редакция 2022-07-22
Служител, извършил регистрацията/редакцията ГГГ
Наличности
Код за отписване Код за изгубен артикул Източник на класификационната схема Код за повреда Коз за рестрикции Код за отдаване Артикулен № Име на библиотеката - собственик Име на библиотеката, в която се намира в момента Статус (Текущо местоположение) Дата на вписване в системата Местоположение - отдел Цена в лева Инвентарен номер Систематично азбучна сигнатура Баркод Номер на екземпляра Цена в евро Служебна бележка Служебен тип на артикула Бележка за публиката
Изтеглен Не е изгубен Universal Decimal Classification Не е повреден без рестрикции ползва се в читалня 96933 Регионална библиотека "Любен Каравелов" Русе Регионална библиотека "Любен Каравелов" Русе Читалня 1993-01-01 Читалня 1.94 124675 Ч 517/Ч 17 124675 1 0.99 Дата инв: 15.03.2017 Бележки инв: Ч2017 Книги  
  Не е изгубен Universal Decimal Classification Не е повреден само за читалня ползва се в читалня 96934 Регионална библиотека "Любен Каравелов" Русе Регионална библиотека "Любен Каравелов" Русе Хранилище 2001-01-01 Хранилище 1.94 126187 Цб 64411 120000126187 2 0.99 Дост: Dp Вид: Д N: стар фонд Дата: 01.01.2001 Книги  
Изтеглен Не е изгубен   Не е повреден без рестрикции заемане за дома 96935 Регионална библиотека "Любен Каравелов" Русе Регионална библиотека "Любен Каравелов" Русе   2001-01-01 Заемна - подръчен фонд 1.94 124673 П 517/Ч 17 124673 3 0.99 Дост: Pk Вид: Ф N: стар фонд Дата: 01.01.2001 Книги Отч.N: 28/2018 , Дата: 28.03.2018
Vip Innovations Ltd, Rousse, Bulgaria 2025